"Challenges of Europe"ako faktory ovplyvňujúce nákupné správanie občanov SR

Prieskum spoločnosti GfK4, ktorý realizovalo združenie GfK Verein v roku 2011 v jedenástich európskych krajinách. Ukazovatele pre plánovanie marketingových aktivít a prehľad kúpyschopnosti obyvateľstva známy pod názvom GfK Kúpna sila Slovenska za príslušný rok. Nezamestnanosť, vývoj cien a kúpnej si...

Full description

Saved in:
Bibliographic Details
Main Author: Nízka, Helena
Format: Book Chapter
Language:Slovak
Subjects:
Tags: Add Tag
No Tags, Be the first to tag this record!

MARC

LEADER 00000nla$a2200000$$$4500
001 0142732
005 20230113112748.2
041 0 |a slo 
044 |a SK 
245 1 0 |a "Challenges of Europe"ako faktory ovplyvňujúce nákupné správanie občanov SR  |c Helena Nízka 
520 |a Prieskum spoločnosti GfK4, ktorý realizovalo združenie GfK Verein v roku 2011 v jedenástich európskych krajinách. Ukazovatele pre plánovanie marketingových aktivít a prehľad kúpyschopnosti obyvateľstva známy pod názvom GfK Kúpna sila Slovenska za príslušný rok. Nezamestnanosť, vývoj cien a kúpnej sily. 
610 2 0 |a manažment produktový 
610 2 0 |a manažment sortimentný 
610 2 0 |a obeh tovaru 
610 2 0 |a kvalita tovaru 
610 2 0 |a kvalita výrobkov 
610 2 0 |a sila kúpna obyvateľstva 
610 2 0 |a ceny 
610 2 0 |a inflácia 
610 2 0 |a prieskum potrieb 
610 2 0 |a správanie spotrebiteľa 
100 1 |a Nízka, Helena